Bundestags Quiz - Statistiken

Allgemein
  • Dieses Quiz wurde 974 mal gespielt
  • Das Durchschnittsergebnis liegt bei 8 aus 11
Antwortstatistiken
Frage Antwort % Korrekt
Wer kann Abgeordneter im Deutschen Bundestag werden? Jeder, der 18 Jahre alt und deutscher Staatsangehörigkeit ist
97%
Wo befand sich der Sitz des Bundestages vor dem Umzug nach Berlin? Bonn
96%
Was ist das Misstrauensvotum? Der Bundestag kann den Bundeskanzler 'entlassen'
83%
An welchen Sitzungen nehmen die Abgeordneten neben den Sitzungen im Plenum teil? Ausschlusssitzung
80%
Was sind die Aufgaben des Parlaments? Gesetzgebung, Wahl des Bundeskanzlers, Kontrolle der Bundesregierung und Bewilligung des Staatshaushaltes
76%
Wann ist der Bundestag beschlussfähig? Wenn mehr als die Hälfte seiner Mitglieder im Sitzungssaal anwesend ist
73%
Wie lange dauert die Amtszeit eines Bundestagspräsidenten/einer Bundestagspräsidentin? eine Wahlperiode
70%
Warum ist die Kuppel nach oben offen? Der bis ins Plenum reichende Trichter transportiert die Abluft des Saales nach oben ins Freie
69%
Was passiert bei einem Hammelsprung? Die Abgeordneten verlassen den Plenarsaal und betreten ihn wieder durch eine von drei Türen, die jeweils für Ja, Nein oder Enthaltung stehen
59%
Wie nennt man eine Eingabe, mit der Bürger Beschwerden an den Deutschen Bundestag richten können? Petition
54%
Dürfen Abgeordnete neben ihrem Mandat im Deutschen Bundestag eine berufliche Tätigkeit ausüben? Ja, Abgeordnete dürfen neben dem Mandat arbeiten
51%
Keine übereinstimmenden Quizze gefunden
Verteilung der Resultate
Anzahl Personen mit jedem Resultat
Perzentil nach korrekt beantworteten Fragen
Ihre Resultats-Entwicklung
Sie haben dieses Quiz noch nicht gespielt